Completa il testo! - Proud corazón - Statistics

Statistiche generali
  • Questo quiz è stato fatto 4 volte
  • Il punteggio medio è 17 su 150
Statistiche sulle risposte
Testo % Corretto
A
100%
I
100%
Be
50%
But
50%
Corazón
50%
Mi
50%
Proud
50%
You
50%
About
0%
All
0%
Along
0%
And
0%
Ay
0%
Beat
0%
Bone
0%
Call
0%
Came
0%
Canten
0%
Coro
0%
Crazy
0%
Down
0%
Dreamed
0%
Each
0%
Every
0%
Familia
0%
Fool
0%
For
0%
Forever
0%
Gente
0%
I'm
0%
In
0%
It
0%
Knew
0%
Known
0%
Last
0%
Let
0%
Live
0%
Love
0%
Me
0%
Melody
0%
Mouth
0%
My
0%
Night
0%
Of
0%
Oiga
0%
On
0%
Opened
0%
Or
0%
Other
0%
Our
0%
Out
0%
Played
0%
Rattled
0%
Rhythm
0%
Sang
0%
Say
0%
Seemed
0%
Song
0%
Souls
0%
Strings
0%
That
0%
The
0%
To
0%
Us
0%
Was
0%
We
0%
What
0%
When
0%
Will
0%
Word
0%
Nessun quiz corrispondente trovato
Distribuzione punteggi
Percentuale di utenti per punteggio
Percentile per numero di risposta
I tuoi punteggi nel tempo
Non hai fatto questo quiz